[Event "Ch Estonia"]
[Site "Puhajarve (Estonia)"]
[Round "5"]
[White "Kveinys Aloyzas (LTU)"]
[Black "Zjukin Sergei (EST)"]
[Result "1-0"]
[WhiteElo "2547"]
[BlackElo "2415"]

1.c4 Nf6 2.g3 c6 3.Bg2 d5 4.Nf3 g6 5.O-O Bg7 6.d4 O-O 7.cxd5 cxd5 8.Nc3 Ne4
9.Nxe4 dxe4 10.Ne5 Qd5 11.b3 Nd7 12.Bb2 Nf6 13.Qd2 Bf5 14.Rfc1 Qe6 15.Qb4 Rab8
16.Rc5 h5 17.e3 Nd5 18.Qc4 Rfd8 19.h3 b5 20.Rxb5 Rxb5 21.Qxb5 Bxh3 22.Bxe4 f6
23.Bxd5 Rxd5 24.Qe8+ Kh7 25.Qxg6+ Kg8 26.Qe8+ Kh7 27.Qxh5+ Kg8 28.Qe8+ Kh7
29.Qg6+ Kg8 30.e4 {#r} 1-0

[Event "It (w)"]
[Site "Rijeka (Croatia)"]
[Round "2"]
[White "Srebrnic Ana (SLO)"]
[Black "Mar Karmen (SLO)"]
[Result "1-0"]
[WhiteElo "2172"]
[BlackElo "2219"]

1.d4 d5 2.Nf3 c6 3.c4 Nf6 4.Nc3 g6 5.cxd5 cxd5 6.g3 Nc6 7.Bg2 Bg7 8.O-O e6
9.e3 O-O 10.Ne5 Nxe5 11.dxe5 Nd7 12.f4 a6 13.b3 b6 14.Ba3 Re8 15.e4 b5 16.exd5
Rb8 17.Bd6 Rb6 18.dxe6 fxe6 19.Rc1 a5 20.Ne4 Ra6 21.Bc7 Qe7 22.Nd6 Rf8 23.Nxc8
Rxc8 24.Bb7 Rca8 25.Bxa6 Rxa6 26.Bd6 Qd8 27.Rc7 Nb6 28.Qc2 Ra8 29.Rc1 h5
30.Qc6 Rb8 31.Kh1 h4 32.Rxg7+ Kxg7 33.Bxb8 {#r} 1-0

[Event "Ch Slovakia (team) 2000/01 (1 liga) East"]
[Site "Slovakia"]
[Round "8"]
[White "Csala Jan (SVK)"]
[Black "Vyparina Matej (SVK)"]
[Result "1-0"]
[WhiteElo "2197"]
[BlackElo "2134"]

1.d4 d5 2.Nf3 Nf6 3.g3 g6 4.Bg2 Bg7 5.O-O O-O 6.c4 c6 7.cxd5 cxd5 8.Nc3 Nc6
9.Ne5 e6 10.Nxc6 bxc6 11.Bf4 Nh5 12.Be3 Rb8 13.Na4 Qe7 14.b3 Bd7 15.Nc5 e5
16.Nxd7 Qxd7 17.dxe5 Bxe5 18.Rc1 Rfe8 19.Bc5 Qe6 20.e3 Rb7 21.Qd3 Bb8 22.Rc2
Nf6 23.Rfc1 Rc7 24.Bd4 Nd7 25.Bc3 Rcc8 26.Bd4 Rc7 27.Bb2 Nb6 28.Qd4 f6 29.Qxf6
Qxf6 30.Bxf6 Re6 31.Bd8 Rc8 32.Bxb6 {#r} 1-0

[Event "Ch Slovakia (team) 2000/01 (2 liga) (d)"]
[Site "Slovakia"]
[Round "5"]
[White "Garancovsky Pavol (SVK)"]
[Black "Baskovsky Jozef (SVK)"]
[Result "1-0"]
[WhiteElo "2106"]
[BlackElo "2157"]

1.d4 d5 2.g3 g6 3.Bg2 Bg7 4.c4 c6 5.cxd5 cxd5 6.Nc3 e6 7.Bf4 Nc6 8.Nf3 Nf6
9.Ne5 O-O 10.O-O Nd7 11.Nf3 a6 12.Rc1 Nf6 13.h3 Bd7 14.g4 Rc8 15.Ne5 Qe7
16.Qd2 Rfd8 17.Bg5 Qb4 18.Rfd1 Be8 19.a3 Qe7 20.b4 b5 21.Qf4 Rc7 22.Nxc6 Bxc6
23.e4 dxe4 24.Nxe4 {#r} 1-0

[Event "Ch Slovakia (team) 2001/02 (2 liga) (b)"]
[Site "Slovakia"]
[Round "2"]
[White "Horn Jozef (SVK)"]
[Black "Varga Alexander (SVK)"]
[Result "1-0"]
[WhiteElo "2114"]
[BlackElo "1864"]

1.d4 c5 2.c3 cxd4 3.cxd4 g6 4.Nc3 Bg7 5.Nf3 Nf6 6.g3 O-O 7.Bg2 d5 8.O-O Nc6
9.Ne5 e6 10.Nxc6 bxc6 11.e3 a5 12.Na4 Ba6 13.Re1 Bb5 14.Bd2 Bxa4 15.Qxa4 Qb6
16.Rec1 Rfc8 17.Rc2 Bf8 18.Rac1 c5 19.dxc5 Rxc5 20.Bc3 Bg7 21.b4 Rcc8 22.bxa5
Qd8 23.a6 Ne8 24.Bxg7 Rxc2 25.Rxc2 Kxg7 26.Qc6 Ra7 27.Bf1 Rc7 28.Qa4 Rxc2
29.Qxc2 Qb6 30.Qb3 Qd8 31.a7 Qa5 32.Qb8 Nc7 33.Qxc7 {#r} 1-0

[Event "It \"]
[Site "St. Petersburg (Russia)"]
[Round "8"]
[White "Dorofeeva Anna (RUS)"]
[Black "Mamonova Yulia (UKR)"]
[Result "1-0"]
[WhiteElo "2311"]
[BlackElo "2164"]

1.d4 Nf6 2.Nf3 g6 3.c4 Bg7 4.g3 c6 5.Bg2 O-O 6.O-O d5 7.cxd5 cxd5 8.Nc3 e6
9.Ne5 Nfd7 10.f4 f6 11.Nd3 Nc6 12.e3 Kh8 13.b4 Nb6 14.b5 Na5 15.Ba3 Re8 16.Bb4
Nac4 17.Re1 a5 18.bxa6 bxa6 19.h4 f5 20.Ne5 Nxe5 21.dxe5 Bd7 22.Ba5 Qc8 23.Rc1
Qc5 24.Nxd5 Qxa5 25.Nxb6 {#r} 1-0

[Event "It (open) \"]
[Site "Villa Martelli (Argentina)"]
[Round "9"]
[White "Ricardi Pablo (ARG)"]
[Black "Pierrot Facundo (ARG)"]
[Result "1-0"]
[WhiteElo "2538"]
[BlackElo "2427"]

1.Nf3 c5 2.g3 Nc6 3.Bg2 g6 4.c3 Bg7 5.d4 cxd4 6.cxd4 d5 7.Nc3 e6 8.O-O Nf6
9.Ne5 Nxe5 10.dxe5 Nd7 11.f4 O-O 12.e4 dxe4 13.Nxe4 Nb6 14.Be3 Qxd1 15.Rfxd1
Nd5 16.Bc5 Rd8 17.Nc3 Bf8 18.Bxf8 Kxf8 19.Kf2 Bd7 20.Nxd5 exd5 21.Bxd5 Bg4
22.Bf3 Be6 23.Ke3 Ke7 24.a3 Rac8 25.Rac1 b6 26.Rxd8 Rxc1 27.Ra8 Rc7 28.g4 Rc2
29.Be4 Rxb2 30.f5 Bc4 31.Bc6 {#r} 1-0

[Event "It (open)"]
[Site "Werther (Germany)"]
[Round "1"]
[White "Kopylov Mihail (UKR)"]
[Black "Kuenitz Klaus (GER)"]
[Result "1-0"]
[WhiteElo "2438"]
[BlackElo "2056"]

1.d4 Nf6 2.c4 g6 3.Nf3 Bg7 4.Nc3 O-O 5.g3 d5 6.Bg2 c6 7.cxd5 cxd5 8.Ne5 e6
9.O-O Nbd7 10.f4 Nb6 11.Be3 Bd7 12.Bf2 Rc8 13.Qd3 Qe7 14.b3 a6 15.Rfc1 Rc7
16.a4 Rfc8 17.Be1 Ne4 18.Qe3 Nxc3 19.Rxc3 Rxc3 20.Bxc3 Be8 21.Qd2 Bf8 22.Nd3
Nd7 23.e3 Qd8 24.Bf1 Nf6 25.Nf2 Qb6 26.Rb1 Qc7 27.Rc1 Qb6 28.Ba5 {#r} 1-0

[Event "It (open)"]
[Site "Monmouth (Wales)"]
[Date "2001.07.21"]
[Round "3"]
[White "Cobb James (WLS)"]
[Black "Gandy Andrew"]
[Result "1-0"]
[WhiteElo "2335"]
[BlackElo "2067"]

1.d4 Nf6 2.Nf3 g6 3.g3 c5 4.c3 cxd4 5.cxd4 Bg7 6.Bg2 O-O 7.Nc3 d5 8.O-O Nc6
9.Ne5 Be6 10.Nxc6 bxc6 11.Bg5 h6 12.Bxf6 Bxf6 13.Na4 Bf5 14.Rc1 Qd6 15.Qd2 h5
16.e3 h4 17.Qa5 hxg3 18.hxg3 e5 19.dxe5 Bxe5 20.b3 Rfc8 21.Rfd1 Qf6 22.Qa6 Bd7
23.Rd2 Qe7 24.Qe2 Bd6 25.Rcd1 Re8 26.Qf1 Bg4 27.Rc1 Rac8 28.Bh3 Bxh3 29.Qxh3
Kg7 30.Qg4 f5 31.Qf3 Rh8 32.Rdc2 Ba3 33.Rd1 {#r} 1-0

[Event "Ch Brazil (team)"]
[Site "Rio de Janeiro (Brazil)"]
[Date "2001.08.18"]
[Round "1"]
[White "Mercadante Ricado R (BRA)"]
[Black "Le Masson Igor (BRA)"]
[Result "0-1"]
[WhiteElo "2318"]
[BlackElo "2177"]

1.Nf3 Nf6 2.c4 c6 3.g3 g6 4.Nc3 d5 5.cxd5 cxd5 6.d4 Nc6 7.Bg2 Bg7 8.O-O O-O
9.Ne5 Bf5 10.Nxc6 bxc6 11.Na4 Ne4 12.Bf4 h6 13.g4 Bd7 14.Bxe4 dxe4 15.e3 Qc8
16.Qc2 Bxg4 17.Qxe4 g5 18.Bg3 f5 19.Qc2 f4 20.exf4 {#R} 0-1

[Event "Ch Germany (seniors) (team)"]
[Site "Bad Segeberg (Germany)"]
[Round "5"]
[White "Lainburg Victor (GER)"]
[Black "Luetje Juergen (GER)"]
[Result "1-0"]
[WhiteElo "2229"]
[BlackElo "2143"]

1.Nf3 d5 2.g3 g6 3.Bg2 Bg7 4.O-O Nf6 5.d4 O-O 6.c4 c6 7.cxd5 cxd5 8.Ne5 Ng4
9.Nxg4 Bxg4 10.h3 Bc8 11.Nc3 e6 12.b3 Qb6 13.e3 Bd7 14.Bd2 Rc8 15.Re1 Rc7
16.b4 Bf8 17.a3 a6 18.Bf1 Qa7 19.a4 b6 20.Rb1 Be8 21.e4 dxe4 22.Nxe4 Nd7
23.Bf4 Rcc8 24.Bg2 Rc4 25.Nd6 Bxd6 26.Bxd6 Rac8 27.d5 b5 28.axb5 axb5 29.Qf3
exd5 30.Red1 Qb6 31.Qxd5 Rc2 32.Qf3 Nf8 33.Bc5 {#r} 1-0

[Event "It (open)"]
[Site "Baden-Baden (Germany)"]
[Round "6"]
[White "Stefanov Parik (ROM)"]
[Black "Pfrommer Christoph (GER)"]
[Result "1-0"]
[WhiteElo "2331"]
[BlackElo "2293"]

1.c4 Nf6 2.Nf3 g6 3.g3 Bg7 4.Bg2 O-O 5.O-O c6 6.d4 d5 7.cxd5 cxd5 8.Ne5 Ng4
9.Nxg4 Bxg4 10.h3 Be6 11.Nc3 Nc6 12.e3 Qd7 13.Kh2 f5 14.b3 Rad8 15.Ba3 g5
16.f4 gxf4 17.gxf4 Kh8 18.Rc1 Rg8 19.Qe2 Rc8 20.Rc2 Bf7 21.Rfc1 e6 22.Na4 b6
23.Nb2 Rgd8 24.Nd3 Be8 25.Qf2 Qb7 26.Bf1 Na5 27.Ne5 Nc6 28.Nf3 h6 29.Qh4 Na5
30.Rc7 Qb8 31.Qe7 Rxc7 32.Rxc7 {#r} 1-0

[Event "Memorial M.Najdorf (open)"]
[Site "Buenos Aires (Argentina)"]
[Round "4"]
[White "Duarte Leonardo (ARG)"]
[Black "Ojeda Hernan (ARG)"]
[Result "1-0"]
[WhiteElo "2144"]
[BlackElo "2244"]

1.d4 Nf6 2.Nf3 g6 3.g3 Bg7 4.Bg2 O-O 5.O-O d5 6.c4 c6 7.cxd5 cxd5 8.Nc3 Nc6
9.Qb3 Qb6 10.Qxb6 axb6 11.Rd1 Bf5 12.Bf4 Rac8 13.Ne5 Rcd8 14.Rac1 Ne4 15.Nxe4
Nxe5 16.Nc3 Nc6 17.Bc7 Ra8 18.e3 Rfc8 19.Bxb6 Nb4 20.Nxd5 Nxd5 21.Bxd5 e6
22.Bxb7 Rxc1 23.Rxc1 Rb8 24.Rc8+ Rxc8 25.Bxc8 Kf8 26.f3 Bd3 27.Bb7 Ke7 28.a4
e5 29.a5 Kd7 30.a6 Bxa6 31.Bxa6 Kc6 32.Ba5 {#r} 1-0

[Event "Memorial M.Najdorf (open)"]
[Site "Buenos Aires (Argentina)"]
[Round "5"]
[White "Varela Gaston (ARG)"]
[Black "Cativelli Gerardo (ARG)"]
[Result "1-0"]
[WhiteElo "2382"]
[BlackElo "2231"]

1.d4 Nf6 2.Nf3 g6 3.c4 Bg7 4.g3 O-O 5.Bg2 c6 6.O-O d5 7.cxd5 cxd5 8.Nc3 Nc6
9.Ne5 e6 10.f4 Nd7 11.Be3 Ne7 12.Rc1 Nb6 13.Bf2 Bd7 14.Nxd7 Qxd7 15.e4 Rac8
16.e5 Rc7 17.b3 Rfc8 18.Qd2 a6 19.g4 Rc6 20.Bh4 Bh6 21.Bh3 R8c7 22.Ne2 Rxc1
23.Rxc1 Nc6 24.Bf2 Qc8 25.Be3 a5 26.a4 Nd7 27.Kf2 Nb4 28.Rxc7 Qxc7 29.Nc3 Qd8
30.Kg2 Nb8 {#r} 1-0

[Event "It"]
[Site "Datteln (Germany)"]
[Round "1"]
[White "Batyrov Sapar (TKM)"]
[Black "Seel Christian (GER)"]
[Result "1-0"]
[WhiteElo "2418"]
[BlackElo "2325"]

1.d4 Nf6 2.Nf3 g6 3.c4 Bg7 4.Nc3 d5 5.g3 O-O 6.Bg2 c6 7.cxd5 cxd5 8.O-O Ne4
9.Be3 Nc6 10.h3 Nxc3 11.bxc3 Na5 12.Nd2 Be6 13.Bf4 Rc8 14.Rc1 Qd7 15.Kh2 b6
16.g4 Qb5 17.Nf3 f6 18.Re1 Rfe8 19.Rc2 Qa4 20.Qc1 Bf7 21.Bg3 Nc4 22.e4 dxe4
23.Rxe4 Nd6 24.Re1 Bxa2 25.Rce2 Bf7 26.Rxe7 Rxe7 27.Rxe7 Nb5 28.Qf4 Nxc3
29.Ng5 Bb3 30.Nxh7 Qb4 31.Nxf6+ Kh8 32.Qh6+ {#r} 1-0

[Event "It (open)"]
[Site "Dresden (Germany)"]
[Round "6"]
[White "Schlemmermeyer Wilhelm (GER)"]
[Black "Eschler Ernest (GER)"]
[Result "1-0"]
[WhiteElo "2345"]
[BlackElo "2021"]

1.g3 Nf6 2.Bg2 d5 3.Nf3 g6 4.O-O Bg7 5.d4 O-O 6.c4 c6 7.cxd5 cxd5 8.Ne5 Be6
9.Nc3 a6 10.Bf4 Nh5 11.Be3 Nc6 12.Nxc6 bxc6 13.Na4 Rb8 14.Qd2 Bc8 15.Rac1 Bb7
16.Rfd1 Re8 17.Nc5 Bc8 18.b3 e5 19.dxe5 Bxe5 20.Nd3 Bb7 21.Nxe5 Rxe5 22.g4 Ng7
23.Bf4 f6 24.e4 Qe7 25.Bxe5 fxe5 26.exd5 Rd8 27.d6 Qh4 28.Qe2 Ne6 29.Qxe5 Qxg4
30.h3 {#r} 1-0

[Event "Ch Finland (team) 2002/03 (I Division)"]
[Site "Finland"]
[Round "3"]
[White "Lehtosaari Kalevi (FIN)"]
[Black "Heino Juha (FIN)"]
[Result "0-1"]
[WhiteElo "2043"]
[BlackElo "2136"]

1.c4 Nf6 2.Nc3 g6 3.g3 Bg7 4.Bg2 c6 5.d4 d5 6.cxd5 cxd5 7.Nf3 O-O 8.O-O Nc6
9.h3 b6 10.Bf4 Bb7 11.Be5 Rc8 12.e3 a5 13.g4 e6 14.a3 Nxe5 15.Nxe5 Ne4 16.Nxe4
dxe4 17.Rc1 Qd5 18.Nd3 Qb5 19.a4 Rxc1 20.axb5 Rxd1 21.Rxd1 Rc8 22.Ne1 Bd5
23.Bf1 Bf8 24.Be2 Bb4 25.Kf1 Bxe1 26.Kxe1 Bb3 27.Rd2 Rc1+ 28.Bd1 Rb1 29.f3
exf3 30.e4 Bxd1 31.Rxd1 f2+ {#R} 0-1

[Event "Bayern Regionalliga Northeast 2002/03"]
[Site "Germany"]
[Round "1"]
[White "Stefanov Parik (ROM)"]
[Black "Liepold Stefan (GER)"]
[Result "1-0"]
[WhiteElo "2331"]
[BlackElo "2256"]

1.Nf3 Nf6 2.c4 g6 3.g3 Bg7 4.Bg2 O-O 5.O-O c6 6.d4 d5 7.cxd5 cxd5 8.Ne5 Ng4
9.Nxg4 Bxg4 10.h3 Be6 11.Nc3 Nc6 12.e3 Qd7 13.Kh2 Rac8 14.Qd2 Rfd8 15.b3 f5
16.Ba3 Bf7 17.f4 Kh8 18.Rac1 Nb8 19.Rc2 Rc6 20.Rfc1 Rdc8 21.Bf1 Qe6 22.Bb5
R6c7 23.Nxd5 Rxc2 24.Rxc2 Rxc2 25.Qxc2 h5 26.Qd2 Qe4 27.Nc3 Qf3 28.Bxe7 Nc6
29.Be2 Qf2+ 30.Kh1 Nxe7 31.g4 Nd5 32.Nd1 {#r} 1-0

[Event "Oberliga East A 2001/02"]
[Site "Germany"]
[Round "11"]
[White "Liebert Heinz (GER)"]
[Black "Schlichthaar Robert (GER)"]
[Result "1-0"]
[WhiteElo "2291"]
[BlackElo "2219"]

1.Nf3 Nf6 2.c4 g6 3.g3 Bg7 4.Bg2 c6 5.O-O O-O 6.d4 d5 7.cxd5 cxd5 8.Nc3 Nc6
9.Ne5 Nxe5 10.dxe5 Ng4 11.Nxd5 Nxe5 12.Bg5 Nc6 13.Qb3 Be6 14.Rad1 Bxd5 15.Rxd5
Qc7 16.Rc1 Rac8 17.Bf4 e5 18.Be3 Rfd8 19.Rb5 Qd6 20.Rxb7 Rd7 21.Bxc6 Rxc6
22.Rb8+ {#r} 1-0

[Event "Ch Poland (1/2 final)"]
[Site "Lubniewice (Poland)"]
[Round "4"]
[White "Grycel Kamil (POL)"]
[Black "Janocha Wieslaw (POL)"]
[Result "1-0"]
[WhiteElo "2295"]
[BlackElo "2271"]

1.d4 c6 2.c4 d5 3.Nf3 Nf6 4.Nc3 g6 5.cxd5 cxd5 6.g3 Bg7 7.Bg2 O-O 8.O-O Ne4
9.Ne5 Nxc3 10.bxc3 Nc6 11.f4 Na5 12.Ba3 f6 13.Nd3 Nc4 14.Bc1 f5 15.Ne5 Bxe5
16.fxe5 Kg7 17.Qe1 e6 18.g4 Bd7 19.gxf5 gxf5 20.Qg3+ Kh8 21.Bg5 Qe8 22.Qh4 Qg6
23.Kh1 Rf7 24.Rg1 Rg8 25.Bf3 h6 26.Bd8 Qh7 27.Bf6+ Rxf6 28.Qxf6+ Rg7 29.Bh5
Ne3 30.Rxg7 Qxg7 31.Rg1 Ng4 32.Bxg4 fxg4 33.Rxg4 Qxf6 34.exf6 {#r} 1-0

[Event "It \"]
[Site "Miercurea Ciuc (Romania)"]
[Round "7"]
[White "Marin Irina Luiza (ROM)"]
[Black "Cirjan Daniel (ROM)"]
[Result "1-0"]
[WhiteElo "2205"]
[BlackElo "2036"]

1.g3 Nf6 2.Bg2 d5 3.Nf3 g6 4.O-O c6 5.c4 Bg7 6.cxd5 cxd5 7.d4 O-O 8.Nc3 Nc6
9.Ne5 Nxe5 10.dxe5 Ng4 11.Nxd5 Nxe5 12.Bg5 Nc6 13.Rc1 Be6 14.Qd2 Qd7 15.Rfd1
Rfd8 16.b4 f6 17.Bf4 Bh3 18.Bc7 Bxg2 19.Kxg2 Qxd5+ 20.Qxd5+ Rxd5 21.Rxd5 Nxb4
22.Rb5 Nxa2 23.Rc2 Rc8 24.Rxb7 {#r} 1-0

[Event "Ch Spain (team) (juniors)"]
[Site "Mondariz (Spain)"]
[Round "6"]
[White "Rosa Cintas Raul (ESP)"]
[Black "Trujillo Delgado Dafnae (ESP)"]
[Result "0-1"]
[WhiteElo "2141"]
[BlackElo "2124"]

1.d4 Nf6 2.Nf3 g6 3.g3 Bg7 4.Bg2 c5 5.c3 cxd4 6.cxd4 O-O 7.O-O d5 8.Nc3 Nc6
9.Ne5 Bf5 10.Bf4 Rc8 11.Nxc6 Rxc6 12.Be5 Be6 13.e3 Qd7 14.Qd2 Rd8 15.Rfc1 h6
16.b4 b6 17.a4 Nh7 18.b5 Rc4 19.Bxg7 Kxg7 20.Bf1 Ng5 21.Bg2 Bh3 22.f4 Bxg2
23.Qxg2 Nh7 24.Qb2 Rdc8 25.Ne2 Qe6 26.Ra3 Nf6 27.Rxc4 Rxc4 28.Qd2 Ng4 29.h3
Nf6 30.Kh2 Ne4 31.Qe1 Qc8 32.g4 Rc2 33.Kg1 Qc4 {#R} 0-1

[Event "Ch Croatia (juniors) (under 19)"]
[Site "Pula (Croatia)"]
[Round "7"]
[White "Jerbic Vedran (CRO)"]
[Black "Matko Ognjen (CRO)"]
[Result "1-0"]
[WhiteElo "2036"]
[BlackElo "2239"]

1.d4 Nf6 2.Nf3 g6 3.g3 Bg7 4.Bg2 O-O 5.O-O d5 6.c4 c6 7.cxd5 cxd5 8.Ne5 Nc6
9.Nxc6 bxc6 10.Nc3 Ba6 11.b3 e5 12.dxe5 Ng4 13.Bb2 Nxe5 14.Na4 Re8 15.Re1 Qe7
16.Rc1 Bh6 17.f4 Ng4 18.e4 Bxf4 19.gxf4 Qh4 20.h3 Qf2+ 21.Kh1 Ne3 22.Qf3 Qxg2+
23.Qxg2 Nxg2 24.Kxg2 dxe4 25.Rxc6 Bb5 26.Rc7 Bxa4 27.bxa4 Rad8 28.Re2 e3
29.Bc1 Rd4 30.Rxe3 Rxe3 31.Bxe3 Rxa4 32.Rxa7 {#r} 1-0

[Event "It (open)"]
[Site "Pula (Croatia)"]
[Round "6"]
[White "Kuljasevic Davorin (CRO)"]
[Black "Bistric Faruk (BIH)"]
[Result "1-0"]
[WhiteElo "2389"]
[BlackElo "2509"]

1.d4 g6 2.Nf3 Bg7 3.g3 c5 4.c3 Nc6 5.Bg2 Nf6 6.O-O O-O 7.Re1 d5 8.Bf4 b6 9.Be5
Bb7 10.Nbd2 e6 11.c4 Qd7 12.e3 Nb4 13.Qb3 dxc4 14.Nxc4 Bd5 15.e4 Nxe4 16.Bxg7
Kxg7 17.Nfe5 Qb7 18.Bxe4 Bxe4 19.Nd6 Bd5 20.Nxb7 Bxb3 21.axb3 Nc2 22.dxc5 bxc5
23.Nxc5 Rfd8 24.Ned3 Rd5 25.Rac1 Nxe1 26.Rxe1 Rad8 27.Re3 a5 28.Kf1 h6 29.h4
g5 30.hxg5 hxg5 31.Ke2 Rb8 32.Re4 Rbd8 33.Ra4 Ra8 34.b4 {#r} 1-0

[Event "Memorial M.Chigorin (open) ( b)"]
[Site "St. Petersburg (Russia)"]
[Round "8"]
[White "Bryndin Alexey (RUS)"]
[Black "Mokhna Natalia (RUS)"]
[Result "1-0"]
[WhiteElo "2270"]
[BlackElo "2184"]

1.Nf3 Nf6 2.g3 g6 3.Bg2 Bg7 4.O-O d5 5.c4 O-O 6.d4 c6 7.cxd5 cxd5 8.Ne5 Nc6
9.Nc3 e6 10.Bg5 h6 11.Bxf6 Bxf6 12.f4 Qb6 13.e3 Qxb2 14.Rc1 Nxe5 15.fxe5 Bg5
16.Qd3 h5 17.Rc2 Qa3 18.e4 Bd7 19.exd5 exd5 20.Bxd5 Bf5 21.Rxf5 gxf5 22.Qxf5
Be3+ 23.Kg2 Qa6 24.Ne4 Kg7 25.Nd6 Rad8 26.Qf6+ {#r} 1-0

[Event "It (cat.8)"]
[Site "Surabaya (Indonesia)"]
[Round "11"]
[White "Paciencia Enrique (SIN)"]
[Black "Ardiansyah H (INA)"]
[Result "1-0"]
[WhiteElo "2454"]
[BlackElo "2407"]

1.Nf3 Nf6 2.c4 g6 3.g3 Bg7 4.Bg2 O-O 5.O-O c6 6.Nc3 d5 7.cxd5 cxd5 8.d4 Nc6
9.Ne5 Nxe5 10.dxe5 Nd7 11.f4 e6 12.e4 dxe4 13.Nxe4 f6 14.exf6 Nxf6 15.Ng5 Qb6+
16.Kh1 Bd7 17.Qe1 h6 18.Nf3 Bb5 19.Be3 Qa6 20.Bg1 Bc6 21.Ne5 Bxg2+ 22.Kxg2 g5
23.fxg5 hxg5 {#r} 1-0

[Event "It (cat.4)"]
[Site "Tel Aviv (Israel)"]
[Round "4"]
[White "Bykhovsky Avigdor (RUS)"]
[Black "Kreizberg Michael (ISR)"]
[Result "1-0"]
[WhiteElo "2472"]
[BlackElo "2339"]

1.d4 Nf6 2.c4 g6 3.g3 c6 4.Bg2 d5 5.cxd5 cxd5 6.Nc3 Bg7 7.Nf3 O-O 8.Ne5 e6
9.O-O Nfd7 10.f4 Qb6 11.Na4 Qd6 12.Be3 b6 13.Rc1 Bb7 14.Nc3 a6 15.Na4 f6
16.Nc4 dxc4 17.Bxb7 Ra7 18.Bg2 Rc7 19.d5 e5 20.fxe5 fxe5 21.Rxf8+ Bxf8 22.Bh3
b5 23.Be6+ Kh8 24.Qf1 Bg7 25.Nc3 Nc5 26.Bxc5 Qxc5+ 27.Qf2 Nd7 28.Rd1 Bf8 29.d6
Bxd6 30.e3 Nf8 31.Ne4 {#r} 1-0

[Event "Cup Russia (open)"]
[Site "Tomsk (Russia)"]
[Round "1"]
[White "Logunov Maxim (RUS)"]
[Black "Filchenkov Konstantin (RUS)"]
[Result "1-0"]
[WhiteElo "2424"]
[BlackElo "2107"]

1.d4 Nf6 2.c4 g6 3.g3 d5 4.Bg2 c6 5.cxd5 cxd5 6.Nf3 Bg7 7.O-O Nc6 8.Nc3 O-O
9.Ne5 e6 10.Bg5 Qb6 11.Na4 Qxd4 12.Nxc6 {#r} 1-0

[Event "Ch Mongolia"]
[Site "Ulan Bator (Mongolia)"]
[Round "14"]
[White "Adyatomor Choijiljav (MGL)"]
[Black "Byambaa Zulzaga (MGL)"]
[Result "1-0"]
[WhiteElo "2189"]
[BlackElo "2300"]

1.c4 Nf6 2.Nf3 g6 3.g3 Bg7 4.Bg2 O-O 5.O-O c6 6.d4 d5 7.cxd5 cxd5 8.Nc3 Ne4
9.Nxe4 dxe4 10.Ng5 Qxd4 11.Qxd4 Bxd4 12.Nxe4 Nc6 13.Bh6 Rd8 14.e3 Bxb2 15.Rab1
Be5 16.Nc5 Rb8 17.Bf4 Bxf4 18.gxf4 Rd6 19.Ne4 Rd7 20.Rfc1 Na5 21.Rc5 b5 22.Nc3
a6 23.a4 Nb7 24.Bc6 Nd6 25.Nd5 Kf8 26.Nb6 Rd8 27.a5 Bf5 28.Ra1 Bd3 29.Bd5 e6
30.Bb3 Be4 {#r} 1-0

[Event "Ch Hungary (team) 2001/02"]
[Site "Hungary"]
[Date "2002.01.27"]
[Round "6"]
[White "Honos Attila (HUN)"]
[Black "Letay Gyula (HUN)"]
[Result "0-1"]
[WhiteElo "2293"]
[BlackElo "2195"]

1.Nf3 Nf6 2.g3 g6 3.Bg2 Bg7 4.c4 c6 5.Nc3 d5 6.cxd5 cxd5 7.d4 O-O 8.O-O Ne4
9.Qb3 Nc6 10.Kh1 Nxc3 11.bxc3 Na5 12.Qb4 Nc4 13.Nd2 Nxd2 14.Bxd2 b6 15.Bg5 Re8
16.c4 h6 17.Bf4 e6 18.Rfd1 Ba6 19.cxd5 exd5 20.e3 Bc4 21.e4 a5 22.Qc3 g5
23.exd5 Bxd5 24.Bc7 Qd7 25.Rac1 Rac8 26.Bxd5 Qxd5+ 27.Kg1 Re7 {#R} 0-1

[Event "Ch Netherlands (open) (blitz)"]
[Site "Dordrecht (Netherlands)"]
[Date "2002.02.15"]
[Round "0"]
[White "Van Wely Loek (NED)"]
[Black "Sokolov Ivan (NED)"]
[Result "0-1"]
[WhiteElo "2668"]
[BlackElo "2688"]

1.d4 Nf6 2.c4 g6 3.g3 c6 4.Bg2 d5 5.cxd5 cxd5 6.Nc3 Bg7 7.Nf3 O-O 8.O-O e6
9.Ne5 Nfd7 10.f4 Nc6 11.Be3 Nb6 12.Kh1 Bd7 13.Bg1 Ne7 14.e4 dxe4 15.Nxe4 Bc6
16.Nxc6 Nxc6 17.Nc5 Qe7 18.Rc1 Rac8 19.Rf3 Rfd8 20.Rd3 Nb4 21.Ra3 Rxc5 22.Rxc5
Qxc5 23.dxc5 Rxd1 24.cxb6 Bd4 {#R} 0-1

[Event "Ch Andalucia (juniors) (under 18)"]
[Site "Motril (Spain)"]
[Date "2002.03.15"]
[Round "2"]
[White "Tamajon Castilla Francisco (ESP)"]
[Black "Torres Ventosa Pedro Eugenio (ESP)"]
[Result "1-0"]
[WhiteElo "2030"]
[BlackElo "2303"]

1.d4 Nf6 2.c4 g6 3.g3 Bg7 4.Bg2 d5 5.Nf3 O-O 6.O-O c6 7.cxd5 cxd5 8.Ne5 Nc6
9.Nxc6 bxc6 10.Nc3 Bf5 11.Bf4 Nh5 12.Be3 Rb8 13.Na4 Qd7 14.Rc1 Rfc8 15.Nc5 Qd6
16.Nb3 Qb4 17.Rc5 Nf6 18.Qd2 Qb6 19.Bf4 Ra8 20.Rfc1 Nd7 21.Ra5 Bf8 22.Bh6 e5
23.Bxf8 Kxf8 24.dxe5 Nxe5 25.e4 Nc4 26.Qh6+ Ke8 27.Rc5 Be6 28.Qxh7 a5 29.exd5
cxd5 30.Rxd5 a4 31.Nd4 Qxb2 32.Re1 Ne5 33.Nxe6 fxe6 34.Rdxe5 {#r} 1-0

[Event "It (open)"]
[Site "Nyiregyhaza (Hungary)"]
[Date "2002.07.07"]
[Round "9"]
[White "Mihalko Jozsef (HUN)"]
[Black "Visloczki Jozsef (HUN)"]
[Result "0-1"]
[WhiteElo "2323"]
[BlackElo "2097"]

1.Nf3 Nf6 2.g3 g6 3.Bg2 Bg7 4.O-O O-O 5.c4 c6 6.Nc3 d5 7.cxd5 cxd5 8.d4 Nc6
9.Ne5 e6 10.Nxc6 bxc6 11.Na4 Nd7 12.f4 Qa5 13.Be3 Nb6 14.Nc5 Nc4 15.Bc1 Rb8
16.b3 Qc3 17.e3 Qxa1 18.bxc4 Qxa2 19.cxd5 cxd5 20.Bd2 {#R} 0-1

[Event "Ch City (open)"]
[Site "Nittenau (Germany)"]
[Date "2002.09.21"]
[Round "3"]
[White "Berisha Shpend"]
[Black "Pongratz Erich"]
[Result "1-0"]
[WhiteElo "1916"]
[BlackElo "1605"]

1.d4 Nf6 2.g3 g6 3.Bg2 d5 4.c4 c6 5.cxd5 cxd5 6.Nf3 Nc6 7.O-O Bg7 8.Nc3 O-O
9.Bf4 Nh5 10.Be3 Qa5 11.Qc1 Rd8 12.Rd1 Bd7 13.Bh6 Be8 14.a3 Rac8 15.Bxg7 Nxg7
16.Bh3 e6 17.Qh6 f6 18.e4 Ne7 19.Rac1 Bc6 20.Nd2 Rf8 21.Nb3 Qd8 22.Nc5 f5
23.e5 b6 24.Nd3 Kh8 25.Nf4 Be8 26.Qxg7+ Kxg7 27.Nxe6+ Kf7 28.Nxd8+ Rxd8 29.Bf1
Ke6 30.Bb5 Nc6 31.Ne2 g5 32.Bxc6 {#r} 1-0

[Event "Tournament"]
[Site "Montigny le Bretonneux (France)"]
[Date "2002.11.01"]
[Round "8"]
[White "Baron Daniel (FRA)"]
[Black "Joigneau Sylvain"]
[Result "1-0"]
[WhiteElo "2158"]
[BlackElo "2050"]

1.Nf3 g6 2.d4 Bg7 3.g3 Nf6 4.Bg2 O-O 5.O-O d5 6.c4 c6 7.cxd5 cxd5 8.Nc3 Nc6
9.Ne5 e6 10.Nxc6 bxc6 11.Na4 Nd7 12.e4 Ba6 13.Re1 Rb8 14.Bf4 Rb4 15.Bd6 Rxd4
16.Qc2 Rc4 17.Qb3 Re8 18.Bf1 Nf6 19.e5 Ne4 20.Rxe4 Rxe4 21.Bxa6 Qa5 22.Nc5
Re1+ 23.Rxe1 Qxe1+ 24.Bf1 Bxe5 25.Nd3 {#r} 1-0

[Event "Hessenliga 2002/03"]
[Site "Germany"]
[Date "2002.12.01"]
[Round "4"]
[White "Stockmann Michael (GER)"]
[Black "Meiser Markus (GER)"]
[Result "1-0"]
[WhiteElo "2182"]
[BlackElo "2176"]

1.d4 Nf6 2.Nf3 g6 3.c4 Bg7 4.g3 O-O 5.Bg2 c6 6.O-O d5 7.Ne5 Nbd7 8.Nc3 Nxe5
9.dxe5 Ng4 10.cxd5 Nxe5 11.Qb3 cxd5 12.Nxd5 e6 13.Nc3 Qe7 14.Rd1 Rb8 15.Ne4
Bd7 16.Bg5 f6 17.Bf4 Bc6 18.Bxe5 fxe5 19.Nc3 Qf7 20.Rf1 Rfd8 21.Bxc6 bxc6
22.Qc2 e4 23.Rab1 Qf5 24.Nxe4 Rxb2 25.Rxb2 Bxb2 26.Qxc6 Bg7 27.Rb1 Rd5 28.Rb8+
Bf8 29.f3 Qe5 30.Qe8 Qd4+ 31.Kg2 Rf5 32.Qxe6+ Kg7 33.Rb7+ {#r} 1-0